Организация процессов управления

Podrobná bibliografie
Další autoři: Попов Г. Х. Гавриил Харитович (редактор)
Jazyk:ruština
Vydáno: Москва, Экономика, 1975
Témata:
Médium: MixedMaterials Kniha
KOHA link:https://koha.lib.tpu.ru/cgi-bin/koha/opac-detail.pl?biblionumber=81110

MARC

LEADER 00000nam0a2200000 4500
001 81110
005 20231031094957.0
035 |a (RuTPU)RU\TPU\book\87201 
090 |a 81110 
100 |a 20050916d1975 km y0rusy50 ca 
101 0 |a rus 
102 |a RU 
105 |a y z 001zy 
200 1 |a Организация процессов управления  |f под ред. Г. Х. Попова 
210 |a Москва  |c Экономика  |d 1975 
215 |a 279 с. 
320 |a Библиогр.: с. 271-275 
320 |a Предм. указ.: с. 276-277 
610 1 |a управление 
610 1 |a народное хозяйство 
610 1 |a управление 
610 1 |a СССР 
610 1 |a предприятия 
675 |a 33С  |v 3 
686 |a У9(2)212  |2 rubbk 
702 1 |a Попов  |b Г. Х.  |g Гавриил Харитович  |4 340 
801 1 |a RU  |b 63413507  |c 20050916  |g PSBO 
801 2 |a RU  |b 63413507  |c 20210211  |g PSBO 
942 |c BK